| 000 | 01000nam a22002537a 4500 | ||
|---|---|---|---|
| 005 | 20170124103026.0 | ||
| 010 | _aB-183681 | ||
| 020 |
_c150.00 _a8186919473 |
||
| 035 | _aB-183681 | ||
| 037 | _bCen Lib/Ret | ||
| 040 |
_aDPL _bHN |
||
| 082 |
_aउ _bशर्माया |
||
| 100 |
_aशर्मा, यादवेन्द्र _99690 |
||
| 245 |
_aसूखा मरुस्थल / _cयादवेन्द्र शर्मा |
||
| 246 |
_aSookha marusthal / _bby Yadvendra Sharma |
||
| 260 |
_bसाहित्य भारती _aदिल्ली _c2005 |
||
| 270 |
_bदिल्ली _aके-71, कृष्णनगर _e110051 |
||
| 300 |
_a128पृ. _c21सेमी (सजिल्द) |
||
| 650 |
_aहिन्दी -- साहित्य _962016 |
||
| 650 |
_aहिन्दी -- उपन्यास _962017 |
||
| 650 |
_aHindi -- Literature _962018 |
||
| 650 |
_aHindi -- Fiction _927248 |
||
| 942 |
_2ddc _cHN _hउ _mशर्माया |
||
| 999 |
_c115573 _d115573 |
||